Ventilation and Air Conditioning of Administrative Buildings with the Application of Heat Pump as a Source of Heat and Cold
Saved in:
| Main Author: | |
|---|---|
| Other Authors: | |
| Format: | Manuscript Book |
| Language: | Slovak English |
| Published: |
2017
|
| Subjects: | |
| Online Access: | http://is.stuba.sk/zp/portal_zp.pl?podrobnosti=133982 https://opac.crzp.sk/?fn=detailBiblioForm&sid=4B7A8F8230E492173211668DC396 |
| Tags: |
No Tags, Be the first to tag this record!
|
MARC
| LEADER | 00000ntm a22000003a 4500 | ||
|---|---|---|---|
| 001 | stuzp62422 | ||
| 003 | SK-STU | ||
| 005 | 20230818105407.7 | ||
| 007 | ta | ||
| 008 | 150427s2015----xo-----f-mn---000-0-slo-d | ||
| 040 | |a STU |b slo | ||
| 041 | 0 | |a eng | |
| 100 | 1 | |a Staněk, Martin |u 010290 |4 aut |U SvF Stavebná fakulta |T SvF Katedra technických zariadení budov |X 82866 |U V290 |Y 31 |7 82866 | |
| 242 | 0 | 1 | |a Vetranie a klimatizácia administratívnej budovy s aplikáciou tepelného čerpadla ako zdroja tepla a chladu |y slo |
| 245 | 1 | 0 | |a Ventilation and Air Conditioning of Administrative Buildings with the Application of Heat Pump as a Source of Heat and Cold |
| 260 | |c 2017 | ||
| 650 | 4 | |a větrání |2 slo | |
| 650 | 4 | |a polyfunkční objekt |2 slo | |
| 650 | 4 | |a tepelné zisky |2 slo | |
| 650 | 4 | |a polyfunction building |2 eng | |
| 650 | 4 | |a heat gains |2 eng | |
| 650 | 4 | |a ventilation |2 eng | |
| 700 | 1 | |a Hurtíková, Daniela |u 010290 |k Z8 |4 ths |U SvF Stavebná fakulta |T SvF Katedra technických zariadení budov |X 23437 |U V290 |Y 31 |7 A000023437 | |
| 856 | 4 | |u http://is.stuba.sk/zp/portal_zp.pl?podrobnosti=133982 | |
| 856 | 4 | |u https://opac.crzp.sk/?fn=detailBiblioForm&sid=4B7A8F8230E492173211668DC396 | |